| Registos Bibliográficos associados ao registo de autoridade |
|
Etiqueta de registo: 01031cam 22003131 450 001 567648 003 http://id.bnportugal.gov.pt/bib/catbnp/567648 005 19990422183400.0 021 ## $aPT$b90716/95 095 ## $aPTBN00776562 100 ## $a19951016d1995 m d0pory0103 ba 101 0# $apor 102 ## $aPT 105 ## $ay z 000yb 106 ## $ar 200 1# $aSousa Bastos$eempresário e autor teatral, 1844-1911$fComissão Municipal de Toponímia$gtextos Teresa Sancha Pereira 210 #9 $aLisboa$cCâmara Municipal-C.M.T.,$d1995 215 ## $a11 p.$d22 cm 600 #1 $aBastos,$bSousa,$f1844-1911$j[Biografias]$2SIPOR$3196121 675 ## $a929Bastos, Sousa$vBN$zpor$3607020 675 ## $a821.134.3-2Bastos, Sousa.09$vBN$zpor$3607019 702 #1 $aPereira,$bTeresa Sancha$4070$3131364 710 01 $aLisboa.$bCâmara Municipal.$bComissão Municipal de Toponímia$3133416 801 #0 $aPT$bBN$gRPC 966 ## $c2$lBN$mFGMON$sL. 51822 V.$x1 966 ## $c2$lBN$mFGMON$sL. 51822 V.$x1 997 ## $aBIBEOD
|
|
|